[Event "EU-ch U18 Girls 25th"]
[Site "Porec"]
[Date "2015.09.21"]
[Round "1"]
[White "Rojikova, Lenka"]
[Black "Janska, Jitka"]
[Result "0-1"]
[WhiteElo "1945"]
[BlackElo "2090"]
[PlyCount "104"]
[EventDate "2015.09.21"]
[EventType "swiss"]
[EventRounds "9"]
[EventCountry "CRO"]
[SourceTitle "EXT 2016"]
[Source "ChessBase"]
[SourceDate "2015.10.08"]
[SourceVersion "1"]
[SourceVersionDate "2015.10.08"]
[SourceQuality "1"]

1. e4 e5 2. Nf3 Nc6 3. d4 exd4 4. Bc4 Nf6 5. e5 Ng4 6. Qe2 Qe7 7. Bf4 f6 8. exf6 Qxe2+ 9. Bxe2 Nxf6 10. Bxc7 Bb4+ 11. c3 dxc3 12. bxc3 Bc5 13. Ne5 Nd5 14. Nxc6 dxc6 15. Bg3 Bf5 16. Bf3 Bb6 17. 0-0 Bxb1 18. Re1+ Kf7 19. Bxd5+ cxd5 20. Raxb1 Rhe8 21. Kf1 Kf6 22. Rb5 Rxe1+ 23. Kxe1 Ke6 24. Kd2 Rc8 25. Kd3 Rc4 26. Rb4 Rc5 27. c4 dxc4+ 28. Rxc4 Rd5+ 29. Ke2 Bd4 30. Rc2 Ra5 31. f3 Ra3 32. Bf2 Bxf2 33. Kxf2 b5 34. Ke2 Kd5 35. Kd2 Kd4 36. Rb2 a6 37. Rb4+ Ke5 38. Rb2 Kd5 39. Kc1 Rc3+ 40. Kb1 Kd4 41. Rd2+ Rd3 42. Rc2 Rd1+ 43. Kb2 Ke3 44. Rc3+ Rd3 45. Rc6 Rd2+ 46. Kb3 Rxg2 47. Rxa6 Rxh2 48. Rb6 Rh5 49. Rb7 Rg5 50. Rf7 h5 51. f4 Rg1 52. Rf5 g6 0-1

[Event "CZE-ch U20 Girls"]
[Site "Frydek Mistek"]
[Date "2014.11.22"]
[Round "9"]
[White "Rojikova, Lenka"]
[Black "Zemkova, Klara"]
[Result "1-0"]
[WhiteElo "1979"]
[BlackElo "1697"]
[PlyCount "159"]
[EventDate "2014.11.16"]
[EventType "swiss"]
[EventRounds "9"]
[EventCountry "CZE"]
[SourceTitle "CBM 163 Extra"]
[Source "ChessBase"]
[SourceDate "2014.12.23"]
[SourceVersion "1"]
[SourceVersionDate "2014.12.23"]
[SourceQuality "1"]

1. e4 e6 2. d4 d5 3. Nc3 Bb4 4. e5 c5 5. Qg4 Ne7 6. dxc5 Nbc6 7. Bd2 Bxc5 8. Nf3 Ng6 9. Bd3 Bd7 10. 0-0 Qe7 11. Rfe1 0-0-0 12. h4 Rdg8 13. Qg3 Nb4 14. h5 Nf8 15. Rac1 Kb8 16. Bf1 Ka8 17. a3 Nc6 18. Qf4 h6 19. Na4 g5 20. Qg4 Nd4 21. Nxc5 Nxf3+ 22. Qxf3 Qxc5 23. Qxf7 Qc7 24. c4 d4 25. Bb4 g4 26. Bd6 Qd8 27. Rcd1 g3 28. fxg3 Rxg3 29. Be7 Qc8 30. Rxd4 Rhg8 31. Qf2 R3g7 32. Bf6 Rf7 33. Qd2 Nh7 34. Qxh6 Nxf6 35. exf6 Qc5 36. Qe3 Qxh5 37. Be2 Qh8 38. Rf1 Bc6 39. Rg4 Rxg4 40. Bxg4 Rxf6 41. Rxf6 Qxf6 42. Qxe6 Qd4+ 43. Kh2 a6 44. Qe2 Qd6+ 45. Kh1 Qh6+ 46. Bh5 Qc1+ 47. Kh2 Qf4+ 48. Kh3 Bd7+ 49. g4 Qg5 50. Kg3 Qc1 51. Be8 Qg1+ 52. Kf4 Qd4+ 53. Kg5 Qg7+ 54. Bg6 Qd4 55. Bf5 Qg7+ 56. Kf4 Qd4+ 57. Kf3 Bc6+ 58. Be4 Qf6+ 59. Ke3 Qg5+ 60. Kd3 Bd7 61. Bf3 Qd8 62. Kc2 Qf6 63. Kb1 Ba4 64. Ka2 Bd7 65. Qg2 Qd4 66. Bxb7+ Ka7 67. Qd5 Qxd5 68. Bxd5 Bxg4 69. Kb3 Kb6 70. Kc3 Bd7 71. b4 Be8 72. Kd4 Bd7 73. Ke5 Kc7 74. Be6 Ba4 75. Kd5 Kb6 76. Kd6 a5 77. Bd7 axb4 78. Bxa4 bxa3 79. Bb3 Kb7 80. c5 1-0

[Event "CZE-ch U20 Girls"]
[Site "Frydek Mistek"]
[Date "2014.11.20"]
[Round "6"]
[White "Gresova, Zuzana"]
[Black "Rojikova, Lenka"]
[Result "1/2-1/2"]
[WhiteElo "1830"]
[BlackElo "1979"]
[PlyCount "136"]
[EventDate "2014.11.16"]
[EventType "swiss"]
[EventRounds "9"]
[EventCountry "CZE"]
[SourceTitle "CBM 163 Extra"]
[Source "ChessBase"]
[SourceDate "2014.12.23"]
[SourceVersion "1"]
[SourceVersionDate "2014.12.23"]
[SourceQuality "1"]

1. e4 c5 2. Nf3 d6 3. d4 cxd4 4. Nxd4 Nf6 5. Nc3 a6 6. g3 e5 7. Nde2 b5 8. a3 Bb7 9. Bg2 Be7 10. 0-0 0-0 11. h3 Nbd7 12. g4 Nc5 13. Ng3 Nfd7 14. Kh2 Ne6 15. Nf5 Nb6 16. Qe2 Re8 17. Nd5 Bf8 18. b3 Rc8 19. Be3 Nxd5 20. exd5 Nf4 21. Bxf4 exf4 22. Qd2 g6 23. Nd4 Bg7 24. Rac1 Be5 25. Bf3 Qf6 26. Rfd1 Rc5 27. c4 Rec8 28. Qd3 Qh4 29. Kg2 Qf6 30. a4 Kg7 31. axb5 axb5 32. Nxb5 Ra8 33. Nd4 Ra3 34. Nb5 Ra2 35. Rc2 Rxc2 36. Qxc2 Ba6 37. Na7 Rc7 38. Nc6 Qg5 39. Nxe5 Qxe5 40. Qa2 Bc8 41. Qa1 Qxa1 42. Rxa1 Rb7 43. Bd1 Kf6 44. Kf3 Ke5 45. Ke2 g5 46. Kd3 f5 47. f3 fxg4 48. hxg4 Bd7 49. Kc3 Be8 50. Bc2 Bf7 51. Bxh7 Bxd5 52. Re1+ Kf6 53. Be4 Bxe4 54. Rxe4 Rh7 55. Rd4 Ke6 56. Rd3 Rh1 57. Kd4 Rb1 58. c5 dxc5+ 59. Kxc5 Rc1+ 60. Kb4 Re1 61. Kc4 Rc1+ 62. Rc3 Rb1 63. b4 Kd6 64. Rb3 Rc1+ 65. Kd4 Rd1+ 66. Kc4 Rc1+ 67. Kd4 Rd1+ 68. Kc4 Rc1+ 1/2-1/2

[Event "CZE-ch U20 Girls"]
[Site "Frydek Mistek"]
[Date "2014.11.17"]
[Round "2"]
[White "Luzikova, Nicola"]
[Black "Rojikova, Lenka"]
[Result "0-1"]
[WhiteElo "1778"]
[BlackElo "1979"]
[PlyCount "94"]
[EventDate "2014.11.16"]
[EventType "swiss"]
[EventRounds "9"]
[EventCountry "CZE"]
[SourceTitle "CBM 163 Extra"]
[Source "ChessBase"]
[SourceDate "2014.12.23"]
[SourceVersion "1"]
[SourceVersionDate "2014.12.23"]
[SourceQuality "1"]

1. d4 Nf6 2. c4 c5 3. d5 b5 4. cxb5 a6 5. bxa6 g6 6. Nc3 Bxa6 7. e4 Bxf1 8. Kxf1 d6 9. Nf3 Bg7 10. g3 0-0 11. Kg2 Nbd7 12. a4 Qa5 13. Bd2 Rfb8 14. Nb5 Qb6 15. Qe2 Ne8 16. Ra2 Nc7 17. Nxc7 Qxc7 18. Rb1 Rb3 19. Be1 Qb7 20. Nd2 Rb4 21. b3 Bc3 22. Qd3 Bxd2 23. Bxd2 c4 24. Qc3 cxb3 25. Rab2 Rxe4 26. Bh6 f6 27. Qc6 Qxc6 28. dxc6 Nc5 29. Be3 Rc4 30. Bxc5 Rxc5 31. Rxb3 Rxc6 32. Rb7 Kf7 33. Rd7 Rca6 34. Rbb7 Re8 35. Rb4 f5 36. Rc7 Kf6 37. f4 Ra5 38. h3 h6 39. Kf3 g5 40. g4 Rea8 41. Rcc4 R8a7 42. fxg5+ hxg5 43. gxf5 Rxf5+ 44. Kg4 Rc5 45. Rxc5 dxc5 46. Rb6+ e6 47. Rc6 Rxa4+ 0-1

[Event "Hradec Kralove op"]
[Site "Hradec Kralove"]
[Date "2014.10.19"]
[Round "2"]
[White "Baraniuk, Andrej"]
[Black "Rojikova, Lenka"]
[Result "0-1"]
[WhiteElo "1659"]
[BlackElo "2035"]
[PlyCount "52"]
[EventDate "2014.10.18"]
[EventType "swiss"]
[EventRounds "9"]
[EventCountry "CZE"]
[SourceTitle "EXT 2015"]
[Source "ChessBase"]
[SourceDate "2014.11.20"]
[SourceVersion "1"]
[SourceVersionDate "2014.11.20"]
[SourceQuality "1"]

1. Nf3 d5 2. c4 Nf6 3. d4 g6 4. Nc3 Bg7 5. g3 0-0 6. cxd5 Nxd5 7. Nxd5 Qxd5 8. Bg2 c5 9. e3 cxd4 10. exd4 Nc6 11. Be3 Qa5+ 12. Bd2 Qb6 13. Bc3 Rd8 14. d5 Bxc3+ 15. bxc3 Qa5 16. Qb3 Qxd5 17. Rd1 Qxd1+ 18. Qxd1 Rxd1+ 19. Kxd1 Be6 20. a3 Rd8+ 21. Ke2 Bc4+ 22. Ke3 Rd3+ 23. Kf4 Rxc3 24. Rb1 Ba6 25. Ra1 Rc2 26. Ke3 Re2+ 0-1

[Event "Pardubice Infinity op 25th"]
[Site "Pardubice"]
[Date "2014.07.13"]
[Round "3"]
[White "Rojikova, Lenka"]
[Black "Gergel, Vladimir P"]
[Result "0-1"]
[WhiteElo "1962"]
[BlackElo "2227"]
[PlyCount "82"]
[EventDate "2014.07.11"]
[EventType "swiss"]
[EventRounds "7"]
[EventCountry "CZE"]
[SourceTitle "EXT 2015"]
[Source "ChessBase"]
[SourceDate "2014.11.20"]
[SourceVersion "1"]
[SourceVersionDate "2014.11.20"]
[SourceQuality "1"]

1. e4 c5 2. Nf3 e6 3. d4 cxd4 4. Nxd4 a6 5. Bd3 b5 6. 0-0 Bb7 7. Qe2 Qb6 8. Nb3 Nc6 9. Be3 Qc7 10. f4 Nf6 11. Nc5 Nd4 12. Bxd4 Bxc5 13. Bxc5 Qxc5+ 14. Kh1 d5 15. e5 Ne4 16. Bxe4 dxe4 17. Nc3 Qb4 18. Nd1 Rc8 19. c3 Qc4 20. Qf2 0-0 21. Ne3 Qc5 22. Rad1 Rfd8 23. Qg3 Rd3 24. Rxd3 exd3 25. f5 Rd8 26. Qg5 Re8 27. f6 g6 28. Qh6 Qf8 29. Qh4 Rd8 30. Rd1 h5 31. Qg5 Kh7 32. Rd2 b4 33. c4 Qc5 34. Qf4 Rd4 35. Qg3 h4 36. Qg5 h3 37. b3 hxg2+ 38. Nxg2 Re4 39. Qg3 Qxe5 40. Kg1 Qa1+ 41. Kf2 Qxf6+ 0-1

[Event "Wch U16 Girls"]
[Site "Al Ain"]
[Date "2013.12.21"]
[Round "5"]
[White "Shao, Stephanie"]
[Black "Rojikova, Lenka"]
[Result "1/2-1/2"]
[WhiteElo "1673"]
[BlackElo "1943"]
[PlyCount "81"]
[EventDate "2013.12.18"]
[EventType "swiss"]
[EventRounds "11"]
[EventCountry "UAE"]
[SourceTitle "CBM 158 Extra"]
[Source "ChessBase"]
[SourceDate "2014.02.28"]
[SourceVersion "1"]
[SourceVersionDate "2014.02.28"]
[SourceQuality "1"]

1. e4 c5 2. Nc3 Nc6 3. f4 g6 4. Nf3 Bg7 5. Bb5 Nd4 6. 0-0 a6 7. Bd3 e6 8. e5 d5 9. Nxd4 cxd4 10. Ne2 Qb6 11. Kh1 Ne7 12. Ng3 h5 13. c3 Bd7 14. Ne2 Nc6 15. Qe1 dxc3 16. dxc3 Bf8 17. Ng1 0-0-0 18. Nf3 a5 19. Qe2 Bc5 20. b3 d4 21. Bb2 dxc3 22. Bxc3 Nb4 23. Bc4 Rhe8 24. Rfd1 Kb8 25. Bd4 Bc6 26. Bxc5 Qxc5 27. Ng5 Rxd1+ 28. Rxd1 b5 29. Bd3 Re7 30. Be4 Nd5 31. Qd2 Rd7 32. Rc1 Nc3 33. Qe1 b4 34. Bxc6 Qxc6 35. Nf3 Qd5 36. Qf2 Kb7 37. h3 Qd3 38. Qc5 Qd5 39. Qf2 Qd3 40. Qc5 Qd5 41. Qf2 1/2-1/2

[Event "Liberec op 14th"]
[Site "Liberec"]
[Date "2013.10.27"]
[Round "2"]
[White "Kucera, Petr"]
[Black "Rojikova, Lenka"]
[Result "1-0"]
[WhiteElo "2224"]
[BlackElo "1949"]
[PlyCount "67"]
[EventDate "2013.10.26"]
[EventType "swiss"]
[EventRounds "9"]
[EventCountry "CZE"]
[SourceTitle "EXT 2014"]
[Source "ChessBase"]
[SourceDate "2013.11.20"]
[SourceVersion "1"]
[SourceVersionDate "2013.11.20"]
[SourceQuality "1"]

1. c4 Nf6 2. Nc3 d5 3. cxd5 Nxd5 4. g3 g6 5. Bg2 Nb6 6. Nf3 Bg7 7. 0-0 0-0 8. d3 Nc6 9. Bf4 h6 10. Rb1 e5 11. Bd2 Nd4 12. Nxd4 exd4 13. Ne4 Re8 14. Re1 c6 15. Nc5 Nd7 16. Nb3 Kh7 17. Na5 Nb6 18. Rc1 Nd5 19. Qb3 Rb8 20. Nxc6 bxc6 21. Qxb8 Qe7 22. Bxd5 Be6 23. Qb4 Bxd5 24. Qxe7 Rxe7 25. b3 f5 26. Bb4 Re8 27. Bc5 a6 28. Rcd1 g5 29. e4 dxe3 30. Rxe3 Rxe3 31. fxe3 Kg6 32. Kf2 Kf7 33. Re1 Kg6 34. e4 1-0

[Event "Hradec Kralove op"]
[Site "Hradec Kralove"]
[Date "2013.05.19"]
[Round "7"]
[White "Rojikova, Lenka"]
[Black "Navratil, Jiri"]
[Result "1/2-1/2"]
[WhiteElo "1852"]
[BlackElo "2083"]
[PlyCount "33"]
[EventDate "2013.05.15"]
[EventType "swiss"]
[EventRounds "9"]
[EventCountry "CZE"]
[SourceTitle "EXT 2014"]
[Source "ChessBase"]
[SourceDate "2013.11.20"]
[SourceVersion "1"]
[SourceVersionDate "2013.11.20"]
[SourceQuality "1"]

1. e4 c5 2. Nf3 d6 3. d4 cxd4 4. Nxd4 Nf6 5. Nc3 a6 6. Bg5 e6 7. f4 Nbd7 8. Qf3 Qc7 9. 0-0-0 b5 10. Bxb5 axb5 11. Ndxb5 Qb8 12. e5 Bb7 13. Qe2 dxe5 14. Qc4 Be7 15. Nc7+ Kf8 16. Rxd7 Nxd7 17. Rd1 1/2-1/2

[Event "CZE-ch U16 Girls"]
[Site "Kouty nad Desnou"]
[Date "2013.03.16"]
[Round "9"]
[White "Rojikova, Lenka"]
[Black "Dumkova, Daniela"]
[Result "1-0"]
[WhiteElo "1859"]
[BlackElo "1577"]
[PlyCount "69"]
[EventDate "2013.03.09"]
[EventType "swiss"]
[EventRounds "9"]
[EventCountry "CZE"]
[SourceTitle "EXT 2015"]
[Source "ChessBase"]
[SourceDate "2014.11.20"]
[SourceVersion "1"]
[SourceVersionDate "2014.11.20"]
[SourceQuality "1"]

1. e4 c5 2. Nf3 d6 3. d4 cxd4 4. Nxd4 Nf6 5. Nc3 Nc6 6. Bg5 e6 7. Qd2 a6 8. 0-0-0 Be7 9. f4 Bd7 10. Nf3 h6 11. Bxf6 gxf6 12. Be2 Qc7 13. Rhe1 0-0-0 14. f5 Rdg8 15. g3 Ne5 16. Nd4 h5 17. Rg1 Bf8 18. Kb1 Bh6 19. Qe1 Be3 20. Rf1 Qb6 21. Nb3 Rf8 22. a4 Bc5 23. Nxc5 Qxc5 24. Qd2 Kc7 25. Rf4 Rh6 26. Rh4 Rfh8 27. g4 b5 28. gxh5 bxa4 29. Rh3 Bc6 30. Nxa4 Nc4 31. Bxc4 Bxa4 32. Rc3 Bc6 33. Bd5 Qb5 34. Bxc6 Qe5 35. Qe3 1-0

[Event "CZE-ch U16 Girls"]
[Site "Kouty nad Desnou"]
[Date "2013.03.15"]
[Round "8"]
[White "Simcakova, Julie"]
[Black "Rojikova, Lenka"]
[Result "0-1"]
[WhiteElo "1598"]
[BlackElo "1859"]
[PlyCount "80"]
[EventDate "2013.03.09"]
[EventType "swiss"]
[EventRounds "9"]
[EventCountry "CZE"]
[SourceTitle "EXT 2015"]
[Source "ChessBase"]
[SourceDate "2014.11.20"]
[SourceVersion "1"]
[SourceVersionDate "2014.11.20"]
[SourceQuality "1"]

1. e4 c5 2. Nf3 d6 3. d4 cxd4 4. Nxd4 Nf6 5. Nc3 a6 6. Be3 e5 7. Nb3 Be6 8. Nd2 Qc7 9. f3 Be7 10. Qe2 b5 11. a3 Nbd7 12. g4 Nb6 13. h4 Nfd7 14. g5 d5 15. Nxd5 Bxd5 16. Bxb6 Nxb6 17. exd5 Nxd5 18. Qe4 Rd8 19. c4 bxc4 20. Bxc4 Nf4 21. Rh2 0-0 22. Nb3 a5 23. Rc1 Qb6 24. Rf2 a4 25. Nd2 Qxb2 26. Nb3 Qxa3 27. Ra1 Qb4+ 28. Nd2 Bc5 29. Rh2 Bd4 30. Rb1 Qa5 31. h5 Qa8 32. Qxa8 Rxa8 33. Ne4 Rac8 34. Ba2 Rb8 35. Rd1 Rfd8 36. h6 g6 37. Nf6+ Kh8 38. Bxf7 Bc3+ 39. Rhd2 Rxd2 40. Rxd2 Rb1+ 0-1

[Event "CZE-ch U16 Girls"]
[Site "Kouty nad Desnou"]
[Date "2013.03.14"]
[Round "7"]
[White "Rojikova, Lenka"]
[Black "Bohanesova, Vendula"]
[Result "1/2-1/2"]
[WhiteElo "1859"]
[BlackElo "1646"]
[PlyCount "102"]
[EventDate "2013.03.09"]
[EventType "swiss"]
[EventRounds "9"]
[EventCountry "CZE"]
[SourceTitle "EXT 2015"]
[Source "ChessBase"]
[SourceDate "2014.11.20"]
[SourceVersion "1"]
[SourceVersionDate "2014.11.20"]
[SourceQuality "1"]

1. e4 e5 2. Bc4 Nf6 3. d3 Nc6 4. Nf3 d6 5. c3 Be6 6. Bb3 d5 7. Qe2 Qd6 8. Nbd2 Be7 9. Nf1 0-0 10. Ng3 dxe4 11. dxe4 Rad8 12. 0-0 Bxb3 13. axb3 Qd3 14. Qxd3 Rxd3 15. b4 a6 16. h3 Rfd8 17. Be3 Ne8 18. Rfc1 f6 19. Kf1 Nd6 20. Ne1 Rxe3 21. fxe3 Nc4 22. Nf3 Nxb2 23. Ke2 Nc4 24. Rd1 Rxd1 25. Rxd1 Bd6 26. Nd2 Nxd2 27. Rxd2 g6 28. Kd3 Kf7 29. Rf2 Ke6 30. Nf1 a5 31. b5 Ne7 32. Nd2 b6 33. Nc4 Nc8 34. g4 h6 35. Nb2 Na7 36. c4 c6 37. bxc6 Nxc6 38. Na4 Bc7 39. Rb2 Nb4+ 40. Ke2 Kd6 41. Nc3 Kc5 42. Nd5 Nxd5 43. exd5 e4 44. Rc2 Be5 45. Kd1 a4 46. Kc1 Kb4 47. Kb1 Kb3 48. Rd2 Bd6 49. Rc2 a3 50. Rd2 Kc3 51. Rd1 Kb3 1/2-1/2

[Event "CZE-ch U16 Girls"]
[Site "Kouty nad Desnou"]
[Date "2013.03.11"]
[Round "3"]
[White "Rojikova, Lenka"]
[Black "Fuskova, Martina"]
[Result "1/2-1/2"]
[WhiteElo "1859"]
[BlackElo "1751"]
[PlyCount "56"]
[EventDate "2013.03.09"]
[EventType "swiss"]
[EventRounds "9"]
[EventCountry "CZE"]
[SourceTitle "EXT 2015"]
[Source "ChessBase"]
[SourceDate "2014.11.20"]
[SourceVersion "1"]
[SourceVersionDate "2014.11.20"]
[SourceQuality "1"]

1. e4 c5 2. Nf3 Nc6 3. Nc3 d6 4. d4 cxd4 5. Nxd4 e5 6. Nf3 Nf6 7. Bc4 Be7 8. Bg5 Bg4 9. Bxf6 Bxf6 10. Nd5 Rc8 11. c3 0-0 12. Bb3 Kh8 13. Qd3 Be7 14. Nd2 Qd7 15. 0-0 Be6 16. Ne3 Rfd8 17. Bd5 Bf8 18. Rad1 Ne7 19. Ndc4 Ng6 20. g3 b5 21. Na3 a6 22. Nac2 Ne7 23. Rd2 g6 24. Rfd1 Bh6 25. Re2 Rc5 26. Bxe6 fxe6 27. Ng4 Bg7 28. Qe3 Rc4 1/2-1/2

[Event "Wch U16 Girls"]
[Site "Al Ain"]
[Date "2013.??.??"]
[Round "4"]
[White "Rojikova, Lenka"]
[Black "Gholami Orimi, Anahita"]
[Result "1/2-1/2"]
[WhiteElo "1943"]
[BlackElo "1817"]
[PlyCount "127"]
[EventDate "2013.12.18"]
[EventType "swiss"]
[EventRounds "11"]
[EventCountry "UAE"]
[SourceTitle "CBM 158 Extra"]
[Source "ChessBase"]
[SourceDate "2014.02.28"]
[SourceVersion "1"]
[SourceVersionDate "2014.02.28"]
[SourceQuality "1"]

1. e4 c5 2. Ne2 d6 3. g3 g6 4. Bg2 Bg7 5. c3 Nc6 6. 0-0 e6 7. d4 cxd4 8. cxd4 d5 9. e5 Nge7 10. Nbc3 0-0 11. g4 Bd7 12. Be3 Na5 13. b3 b5 14. Ng3 Rc8 15. Qd2 Qb6 16. Rac1 Nec6 17. f4 f5 18. h3 Kh8 19. Bf3 Ne7 20. h4 fxg4 21. Bxg4 Nf5 22. Bxf5 gxf5 23. Kh1 Rg8 24. Rg1 Bf8 25. Nh5 Be7 26. Rxg8+ Rxg8 27. Rg1 Qd8 28. Rxg8+ Qxg8 29. Qg2 Qxg2+ 30. Kxg2 Bxh4 31. Bf2 Be7 32. Kh3 b4 33. Ne2 Nc6 34. Bh4 Bxh4 35. Kxh4 Bc8 36. Kg5 Ba6 37. Nhg3 Kg7 38. Nh5+ Kf7 39. Nhg3 Bxe2 40. Nxe2 Kg7 41. Kh5 a5 42. Kg5 Na7 43. Nc1 Nb5 44. Ne2 h6+ 45. Kh5 Kh7 46. Kh4 Kg6 47. Kg3 Nc3 48. Nc1 Nd1 49. Nd3 Nc3 50. Nc1 Kh5 51. Kh3 Ne4 52. Nd3 Nc3 53. Nc1 Kg6 54. Kh4 Nd1 55. Nd3 Ne3 56. Ne1 Kf7 57. Kh5 Kg7 58. Kh4 Kg6 59. Kh3 h5 60. Kg3 Nf1+ 61. Kg2 Ne3+ 62. Kg3 Nd1 63. Nd3 Nc3 64. Nc1 1/2-1/2

[Event "Wch U16 Girls"]
[Site "Al Ain"]
[Date "2013.??.??"]
[Round "8"]
[White "Rojikova, Lenka"]
[Black "Karimi, Yeganeh"]
[Result "0-1"]
[WhiteElo "1943"]
[BlackElo "1839"]
[PlyCount "102"]
[EventDate "2013.12.18"]
[EventType "swiss"]
[EventRounds "11"]
[EventCountry "UAE"]
[SourceTitle "CBM 158 Extra"]
[Source "ChessBase"]
[SourceDate "2014.02.28"]
[SourceVersion "1"]
[SourceVersionDate "2014.02.28"]
[SourceQuality "1"]

1. e4 e6 2. d4 d5 3. Nc3 Nf6 4. e5 Nfd7 5. f4 c5 6. Nf3 Nc6 7. Be3 Qb6 8. Na4 Qa5+ 9. c3 cxd4 10. b4 Qd8 11. Nxd4 Nxd4 12. Bxd4 Be7 13. Bd3 b6 14. 0-0 g6 15. Qg4 Nb8 16. Qe2 Nc6 17. a3 Bd7 18. Nb2 0-0 19. Rac1 Nxd4 20. cxd4 a5 21. Qd2 axb4 22. axb4 Qb8 23. g4 f5 24. gxf5 gxf5 25. Kh1 Kh8 26. Rg1 Rg8 27. Rxg8+ Qxg8 28. Rb1 Qf8 29. Nd1 Ra4 30. Nc3 Rxb4 31. Rxb4 Bxb4 32. Qb2 Ba5 33. Nb5 Qh6 34. Qc1 Qf8 35. Nd6 Qb8 36. Qg1 Qg8 37. Qc1 Qg7 38. Qc7 h6 39. Qd8+ Kh7 40. Be2 Bd2 41. Qxb6 Be3 42. Qb1 Bxd4 43. Qc1 Ba4 44. Bd3 Bd7 45. Be2 Bb6 46. Bb5 Bxb5 47. Nxb5 Qg4 48. Qf1 h5 49. Nd6 Be3 50. Ne8 Qxf4 51. Nf6+ Kg6 0-1

[Event "Czech Fed-ch U16"]
[Site "Hrdonov"]
[Date "2012.10.27"]
[Round "9"]
[White "Havelka, Josef"]
[Black "Rojikova, Lenka"]
[Result "1-0"]
[WhiteElo "1900"]
[BlackElo "1866"]
[PlyCount "47"]
[EventDate "2012.10.20"]
[EventType "swiss"]
[EventRounds "9"]
[EventCountry "CZE"]
[SourceTitle "CBM 151 Extra"]
[Source "ChessBase"]
[SourceDate "2012.12.18"]
[SourceVersion "1"]
[SourceVersionDate "2012.12.18"]
[SourceQuality "1"]

1. e4 c5 2. Nf3 d6 3. d4 cxd4 4. Nxd4 Nf6 5. Nc3 a6 6. g3 e5 7. Nde2 Nbd7 8. Bg2 b5 9. h3 Bb7 10. 0-0 Rc8 11. g4 Nc5 12. Ng3 g6 13. Be3 Be7 14. Qd2 h5 15. g5 Nfd7 16. h4 Nb6 17. b3 0-0 18. f4 exf4 19. Bxf4 Qc7 20. Nd5 Bxd5 21. exd5 Ncd7 22. Ne4 Qxc2 23. Qd4 Ne5 24. Qxb6 1-0

[Event "Czech Fed-ch U16"]
[Site "Hrdonov"]
[Date "2012.10.22"]
[Round "3"]
[White "Vykouk, Jan"]
[Black "Rojikova, Lenka"]
[Result "1/2-1/2"]
[WhiteElo "1962"]
[BlackElo "1866"]
[PlyCount "106"]
[EventDate "2012.10.20"]
[EventType "swiss"]
[EventRounds "9"]
[EventCountry "CZE"]
[SourceTitle "CBM 151 Extra"]
[Source "ChessBase"]
[SourceDate "2012.12.18"]
[SourceVersion "1"]
[SourceVersionDate "2012.12.18"]
[SourceQuality "1"]

1. e4 c5 2. Nf3 d6 3. d4 cxd4 4. Nxd4 Nf6 5. Nc3 a6 6. h3 e6 7. g4 d5 8. Bg2 Nxe4 9. Nxe4 dxe4 10. 0-0 Be7 11. Bxe4 h5 12. gxh5 Qa5 13. Bf3 Nd7 14. Bf4 Nf6 15. Re1 Qb6 16. Rb1 Bd7 17. c3 0-0-0 18. Qe2 Bd6 19. Bxd6 Qxd6 20. b4 Nd5 21. b5 a5 22. Rbc1 Nf4 23. Qe4 Nxh3+ 24. Kf1 Qb8 25. Nc6 bxc6 26. bxc6 Be8 27. c7 Qxc7 28. Rb1 Bc6 29. Qxc6 Qxc6 30. Bxc6 Rxh5 31. Rb5 Rxb5 32. Bxb5 Rd2 33. Re2 Rd1+ 34. Re1 Rxe1+ 35. Kxe1 Kc7 36. f3 Kd6 37. Kd2 Kd5 38. Ke3 g5 39. Bd3 Nf4 40. Bf1 f5 41. Ba6 Ng6 42. Bd3 Ne5 43. Be2 Nc4+ 44. Kd3 Nd6 45. Bd1 e5 46. Bb3+ Kc5 47. Be6 Kc6 48. a4 Kc7 49. Ke3 Kd8 50. Kd3 Ke7 51. Bd5 e4+ 52. fxe4 fxe4+ 53. Ke3 Kd7 1/2-1/2

[Event "Czech Fed-ch U16"]
[Site "Hrdonov"]
[Date "2012.10.20"]
[Round "1"]
[White "Kostelecky, Daniel"]
[Black "Rojikova, Lenka"]
[Result "0-1"]
[WhiteElo "1499"]
[BlackElo "1866"]
[PlyCount "92"]
[EventDate "2012.10.20"]
[EventType "swiss"]
[EventRounds "9"]
[EventCountry "CZE"]
[SourceTitle "CBM 151 Extra"]
[Source "ChessBase"]
[SourceDate "2012.12.18"]
[SourceVersion "1"]
[SourceVersionDate "2012.12.18"]
[SourceQuality "1"]

1. c4 Nf6 2. g3 g6 3. Nc3 d5 4. cxd5 Nxd5 5. Bg2 Nb6 6. d4 Bg7 7. d5 0-0 8. e4 e6 9. Nge2 exd5 10. exd5 c6 11. dxc6 Qxd1+ 12. Nxd1 Nxc6 13. 0-0 Bf5 14. Nf4 g5 15. Nd5 Nxd5 16. Bxd5 Nb4 17. Ne3 Nxd5 18. Nxf5 Bf6 19. Nd6 h6 20. Rd1 Nb6 21. Nxb7 Nc4 22. Rb1 Rab8 23. Rd7 Rfe8 24. Nd6 Re1+ 25. Kg2 Nxd6 26. Rxd6 Be5 27. Rc6 a5 28. f4 Bd4 29. fxg5 hxg5 30. Kf3 Rbe8 31. Kg4 f6 32. h4 gxh4 33. Kxh4 R8e4+ 34. Kh5 Rh1+ 35. Kg6 Rg4+ 36. Kf5 Rg7 37. Rc8+ Kh7 38. Rc4 Be5 39. g4 Rf1+ 40. Ke6 Re1 41. Kf5 Re7 42. g5 Rf1+ 43. Kg4 f5+ 44. Kh3 Rg1 45. Rh4+ Kg8 46. Rc4 Rh7+ 0-1

[Event "EU-chT U18 Girls 12th"]
[Site "Pardubice"]
[Date "2012.07.14"]
[Round "4"]
[White "Rojikova, Lenka"]
[Black "Tran, My Linh"]
[Result "0-1"]
[WhiteElo "1861"]
[BlackElo "2032"]
[PlyCount "28"]
[EventDate "2012.07.12"]
[EventType "team-swiss"]
[EventRounds "9"]
[EventCountry "CZE"]
[SourceTitle "EXT 2020"]
[Source "ChessBase"]
[SourceDate "2019.10.17"]
[SourceVersion "1"]
[SourceVersionDate "2019.10.17"]
[SourceQuality "1"]
[WhiteTeam "Czech Republic U18 (W) II"]
[BlackTeam "Germany U18 (W)"]
[WhiteTeamCountry "CZE"]
[BlackTeamCountry "GER"]

1. e4 e5 2. f4 exf4 3. Nf3 Ne7 4. d4 d5 5. exd5 Nxd5 6. c4 Bb4+ 7. Kf2 Ne3 8. Qa4+ Nc6 9. c5 0-0 10. Bxe3 fxe3+ 11. Kxe3 Nxd4 12. Nxd4 Re8+ 13. Qxe8+ Qxe8+ 14. Kf3 Bxc5 0-1

[Event "EU-chT U18 Girls 12th"]
[Site "Pardubice"]
[Date "2012.07.13"]
[Round "2"]
[White "Rojikova, Lenka"]
[Black "Juhasz, Barbara"]
[Result "1/2-1/2"]
[WhiteElo "1861"]
[BlackElo "2121"]
[PlyCount "81"]
[EventDate "2012.07.12"]
[EventType "team-swiss"]
[EventRounds "9"]
[EventCountry "CZE"]
[SourceTitle "EXT 2020"]
[Source "ChessBase"]
[SourceDate "2019.10.17"]
[SourceVersion "1"]
[SourceVersionDate "2019.10.17"]
[SourceQuality "1"]
[WhiteTeam "Czech Republic U18 (W) II"]
[BlackTeam "Hungary U18 (W)"]
[WhiteTeamCountry "CZE"]
[BlackTeamCountry "HUN"]

1. e4 e5 2. f4 d5 3. exd5 c6 4. Nc3 exf4 5. Nf3 Nf6 6. d4 cxd5 7. Bxf4 Bd6 8. Bb5+ Nc6 9. Qe2+ Be6 10. Bxd6 Qxd6 11. 0-0 0-0 12. Bxc6 Qxc6 13. Ne5 Qb6 14. Qd3 Rac8 15. Na4 Qd6 16. Rxf6 Qb4 17. Rxe6 fxe6 18. b3 b6 19. c3 Qe7 20. Re1 Rf5 21. Nf3 Rcf8 22. Qe3 R8f6 23. Rf1 Qf7 24. Nb2 Qc7 25. Nd2 Rxf1+ 26. Nxf1 b5 27. Qg3 Qa5 28. a4 bxa4 29. Nxa4 Qb5 30. Qe1 Qxb3 31. Nc5 Qb5 32. Ng3 a5 33. Qa1 Rf7 34. Qa2 a4 35. h3 Ra7 36. Qa3 g6 37. Nxe6 Qb8 38. Nf1 Qe8 39. Nc5 Ra8 40. Qa2 Qc6 41. c4 1/2-1/2